000 01214nam0a22002771 4500
001 rc\497122
005 20250621105936.0
035 _a(NLR Aleph) 005738498
090 _a4712641
_c4712641
100 _a20030616d1987 |||y0rusy50 ca
101 0 _arus
102 _aRU
105 _aa |||||||||
200 1 _aАвтоматика и автоматизация производственных процессов деревообрабатывающих предприятий
_e[Учеб. для вузов по спец. "Технология деревообработки"]
_fП.В. Ползик, Л.Г. Молчанов, В.К. Вороницын
210 _aМ.
_cЛесн. пром-сть
_d1987
215 _a436, [1] с.
_cил.
_d22
320 _aБиблиогр.: с. 428-430 (43 назв.)
320 _aПредм. указ.: с. 431-434
700 1 _aПолзик
_bП.В.
_gПалладий Васильевич
701 1 _aМолчанов
_bЛ.Г.
_gЛеонид Григорьевич
701 1 _aВороницын
_bВ.К.
_gВладимир Константинович
801 0 _aRU
_bNLR
_gpsbo
801 1 _aRU
_bELAR
_2rusmarc
852 _aNLR
_j87-5/3415
942 _cBOOK
980 _aNB